[Event "ESP-ch Gp B"]
[Site "Cala Mendia"]
[Date "2001.11.17"]
[Round "1"]
[White "Lopez Martinez, Josep Manuel"]
[Black "San Segundo Carrillo, Pablo"]
[Result "1-0"]
[WhiteElo "2474"]
[BlackElo "2528"]
[Annotator "Tsesarsky,I"]
[PlyCount "87"]
[EventDate "2001.11.17"]
[EventType "tourn"]
[EventRounds "5"]
[EventCountry "ESP"]
[EventCategory "10"]
[SourceTitle "CBM 086"]
[Source "ChessBase"]
[SourceDate "2002.02.05"]
[SourceVersion "1"]
[SourceVersionDate "2002.02.05"]
[SourceQuality "1"]

1. d4 d5 2. c4 c6 3. Nf3 Nf6 4. Nc3 e6 5. Bg5 Nbd7 6. e3 Qa5 7. Nd2 Bb4 8. Qc2
O-O 9. Bh4 c5 10. Nb3 {The best move. Otherwise Black can reach at least equal
position:} (10. Be2 $6 cxd4 11. exd4 dxc4 12. Nxc4 Qd5 13. O-O-O (13. O-O Qxd4
14. Bg3 e5 $15) 13... Bxc3 (13... Qxg2 $5 $17) 14. bxc3 Qxg2 15. Bd3 Qh3 $17 {
0-1 Erdelyi,S-Kashdan,I/Prague 1931/EXT 2000 (32)}) (10. dxc5 dxc4 (10... Ne4
$6 11. Ncxe4 (11. cxd5 exd5 {[%cal Gc8g4]} 12. Rc1 (12. Ndxe4 dxe4 13. a3 Bxc3+
14. Qxc3 Qxc3+ 15. bxc3 Nxc5 16. Be7 Nb3 17. Rb1 Re8 18. Bb4 a5 19. Rxb3 axb4
20. cxb4 Be6 21. Rc3 Rec8 22. Rxc8+ Rxc8 $44) 12... Ndxc5 $132 {0-1 Medina,
J-Kashdan,I/Mexico 1932/HCL (101)}) 11... dxe4 12. a3 {[%cal Ga1d1]} Bxd2+ 13.
Qxd2 Qxd2+ 14. Kxd2 Nxc5 15. Kc3 $16 {[%csl Re4,Re6,Gf1,Gh4]}) (10... Bxc3 11.
Qxc3 Qxc3 12. bxc3 dxc4 13. Bg3 e5 14. Bxc4 Re8 15. Bb5 a6 16. Bxd7 Nxd7 17.
Nb3 a5 18. a4 Nf6 19. f3 Be6 20. Nd2 Nd7 21. Ne4 Rec8 $11 {1-0 Petran,
P-Orgovan,S/Hungary 1997/EXT 2000 (32)}) {Worth of attention} 11. c6 $5 (11.
Rc1 $6 Nd5 12. Bxc4 Nxc3 13. bxc3 Bxc5 14. Bd3 h6 $132 15. O-O Qc7 16. Nc4 (16.
Ne4 $132) 16... b6 17. Bg3 e5 18. Rfd1 Re8 19. Bh7+ Kh8 20. Be4 Rb8 21. Qd3 Nf8
22. Nd6 Bxd6 23. Qxd6 Qxd6 24. Rxd6 Bb7 25. Bf5 $132 (25. Bxb7 $6 Rxb7 $15 {
0-1 Lopez Martinez,J-Fressinet,L/Leon ESP 2001/The Week in Chess 366 (40)}))
11... Ne5 (11... bxc6 12. Nxc4 $14) 12. Nxc4 Nxc4 13. Bxc4 Nd5 14. O-O Nxc3 15.
bxc3 Bxc3 16. Rab1 bxc6 17. Bd3 e5 $16 {1/2-1/2 Dudas,J-Payen,A/Budapest 1996/
EXT 97 (37)} (17... h6 18. Rfc1 Bd2 (18... Bb4 19. Qxc6 Rb8 20. Be7 $1 $18) 19.
Rd1 Bc3 20. Rb3 Bb4 21. Qxc6 Rb8 22. Be7 Rb6 23. Qe4 f5 24. Qxb4 Rxb4 25. Bxb4
Qxa2 26. Ra3 Qd5 27. Be2 Qa8 28. Bxf8 Kxf8 29. Rda1 $16)) (10. a3 $6 cxd4 11.
Nb3 $2 (11. exd4 Bxc3 12. bxc3 b6 13. Bd3 (13. Bg3 Re8 $15) 13... Ba6 $15 {
[%csl Rc3,Rc4][%cal Ga8c8]}) 11... Bxc3+ 12. bxc3 Qxc3+ 13. Qxc3 dxc3 14. Rc1
b6 15. Rxc3 Bb7 $17 {0-1 Vodicka,V-Hora,V/Prague 1966/EXT 99 (56)}) (10. Bd3
cxd4 11. exd4 dxc4 12. Nxc4 Qd5 13. O-O Qxd4 14. Bg3 Nc5 15. Be2 Bxc3 16. bxc3
Qe4 $15 {0-1 Hohl,M-Timar,Z/Budapest 2000/CBM 76 ext (25)}) 10... Qa4 $5 (10...
Qb6 $143 11. a3 cxd4 12. axb4 dxc3 13. bxc3 e5 14. cxd5 Nxd5 15. Bc4 N7f6 16.
O-O Be6 17. Nc5 Nxe3 18. fxe3 Bxc4 19. Rxf6 gxf6 20. Qe4 Be2 (20... Be6 21.
Bxf6 {1-0 Potapov,A-Soner,O/Nikea GRE 2001/The Week in Chess 356 (21)}) 21. Nd7
f5 22. Qxe5 Qe6 23. Nf6+ Kh8 24. Qf4 Rg8 25. Nxg8 Kxg8 26. e4 (26. Rxa7 Rxa7
27. Qb8+ Kg7 28. Qxa7 b5 $14) 26... Qxe4 27. Qg5+ Kf8 28. Bf2 b6 29. Qf6 $16)
11. Bxf6 Nxf6 12. dxc5 Bxc3+ (12... dxc4 13. Bxc4 Qc6 14. O-O Bxc5 15. Bb5 Qc7
(15... Qb6 16. Nxc5 $1 (16. a4 $6 Bd6 $1 $132 (16... Be7 17. a5 Qc7 18. Ra4 $14
{1-0 Kelecevic,N-Lacrosse,M/Schaan 1999/EXT 2000 (24)})) 16... Qxc5 17. Rac1
$14) 16. Nxc5 Qxc5 17. Qd3 (17. Rac1 $14) 17... a6 18. Ba4 b5 19. Ne4 Nxe4 20.
Qxe4 Rb8 21. Rac1 Qh5 22. Bd1 Qg5 23. Rc7 $14 {1-0 Mannke,M-Kaluzny,W/
Lubniewice 1981/MCD (36)}) (12... Ne4 {-see commented game 1-0 Capablanca,
J-Alekhine,A/Buenos Aires 1927/MainBase (36)}) 13. Qxc3 Ne4 14. Qa5 ({Badly is
} 14. Qd4 $2 {in view of} e5 $1 (14... Qb4+ 15. Nd2 (15. Ke2 $1 Qxc4+ 16. Qxc4
dxc4 17. Nd2 Nxc5 18. Nxc4 Rd8 $15) 15... e5 16. a3 (16. Qxd5 Bf5 $19) 16...
Qxd2+ 17. Qxd2 Nxd2 18. Kxd2 Rd8 19. Kc3 $16) 15. Qxd5 Qb4+ 16. Ke2 (16. Nd2 $4
$19 Bf5 17. O-O-O Nc3 $1 {0-1 Sertic,R-Golub,V/Pula 1999/EXT 2000 (17)}) 16...
Bf5 {[%cal Ga8d8]} 17. Rd1 Rac8 {[%csl Re2]} ({Black can force draw by} 17...
Rad8 18. Qxd8 Qxc4+ 19. Ke1 Qb4+ 20. Ke2 Qc4+ $11) 18. Rg1 {[%cal Gg2g4]} Nxc5
19. Qxe5 Bc2 20. Rd4 Rfe8 $17) 14... Qxa5+ 15. Nxa5 Nxc5 16. cxd5 exd5 17. Be2
$14 {White can be satisfied by opening result. There is isolated Pd5 in the
Black camp and bad Bc8.} (17. Rc1 b6 18. Nc6 Bb7 19. Nd4 $14 {1/2-1/2 Brzozka,
S-Grabczewski,R/Warszawa 1957/EXT 2001 (19)}) 17... b6 18. Nc6 Bb7 19. Nd4 Rfe8
20. Bb5 Rec8 21. Kd2 a6 ({After natural} 21... Ne4+ 22. Ke2 Rc5 23. b4 $1 {
White leaves with advantage in endgame:} Nc3+ (23... Rc3 24. Rhc1 $14) 24. Kd3
Rc7 25. Rhc1 Rac8 {[%csl Rb5][%cal Gc3b5]} 26. Bd7 $8 Nxa2 27. Rxc7 $1 (27.
Rxa2 Rxd7 28. Rxc8+ Bxc8 $15) 27... Nxb4+ 28. Kc3 Rxc7+ 29. Kxb4 Rxd7 30. Rxa7
$16 {[%csl Rb6,Rd5][%cal Gb4b5]}) 22. Bd3 g6 23. Rhc1 Ne6 24. Rxc8+ (24. Nf3
$14) 24... Rxc8 25. Rc1 Rxc1 26. Kxc1 Nxd4 27. exd4 $11 {[%mdl 4096] Only pair
of BB remains on the board. Black has only one weakness - Pd5. White must try
to create one more weakness, but it is not so easy.} a5 28. Kd2 Bc6 29. Ke3 g5
$6 {Black helps to his opponent.} (29... f6 30. h4 Kf7 $11) 30. Bf5 Kg7 31. f4
f6 32. g3 h5 $6 {[%csl Rh5]} ({Why not} 32... h6 33. Be6 Kf8 34. Kf3 Ke7 35.
Bf5 Kf7 36. Kg4 Bb5 $11) 33. Be6 Kh6 $4 $18 {Decisive mistake.} ({Draw after} 
33... Kf8 34. fxg5 fxg5 35. h4 Ke7 36. Bh3 Kf6 37. Bf1 Be8 38. Be2 Bf7 39. a3
Bg6 40. Bf3 Bf7 $11) 34. Bf7 $1 {[%csl Rh6][%cal Gf7h5,Gh6h5] Now black K had
to stay on h6 in order to protect Ph5.} Bb7 35. Be8 Ba8 (35... Bc8 36. Bf7 Bb7
37. a3 {[%csl Rb7][%cal Gb2b4,Gb4b5]}) 36. a3 $1 {[%csl Ra8][%cal Gb2b4,Gb4b5]
White implements plan of black B restriction.} Bb7 37. b4 axb4 38. axb4 Ba6 (
38... Bc8 39. Bf7 Bb7 40. fxg5+ Kxg5 (40... fxg5 41. h4 $18) 41. b5 $18) 39. b5
$1 {[%csl Ra6]} Bc8 40. Bf7 Bb7 41. fxg5+ Kxg5 42. Be6 f5 (42... Kg6 43. Kf4
Ba8 44. Bc8 $18) 43. h4+ Kg4 44. Kf2 $22 1-0

[Event "EU-chT (Men) 12th"]
[Site "Batumi"]
[Date "1999.12.03"]
[Round "5.2"]
[White "Mikhalchishin, Adrian"]
[Black "Mchedlishvili, Mikheil"]
[Result "1-0"]
[WhiteElo "2552"]
[BlackElo "2441"]
[Annotator "Tsesarsky,I"]
[PlyCount "57"]
[EventDate "1999.11.06"]
[EventType "team-swiss"]
[EventRounds "9"]
[EventCountry "GEO"]
[SourceTitle "CBM 074"]
[Source "ChessBase"]
[SourceDate "2000.02.01"]
[SourceVersion "1"]
[SourceVersionDate "2000.02.01"]
[SourceQuality "1"]
[WhiteTeam "Slovenia"]
[BlackTeam "Georgia II"]
[WhiteTeamCountry "SLO"]
[BlackTeamCountry "GEO"]

1. Nf3 Nf6 2. c4 e6 3. Nc3 d5 4. d4 Nbd7 5. Bg5 c6 6. e3 Qa5 7. Nd2 Bb4 8. Qc2
O-O 9. Bxf6 Nxf6 10. Bd3 dxc4 (10... Re8 {Main line}) 11. Nxc4 (11. Bxc4 $6 c5
12. O-O (12. Nb3 Qc7 13. dxc5 Bxc5 $11) 12... cxd4 13. exd4 Bd7 $11 {0-1
Montanelli-Rossi/S.Benedetto del Tron 1964 (30)}) 11... Bxc3+ (11... Qh5 12.
O-O (12. a3 Be7 13. Ne2 (13. O-O $14) 13... Qh4 14. Nf4 Nd5 15. g3 Qh6 16. Ne5
Nxf4 17. gxf4 f6 18. Nf3 Qh5 19. Rg1 Kh8 20. Rg3 $132) 12... b5 13. Ne5 Bb7 (
13... Bd6 14. Be2 Qh6 15. f4 Bb7 16. Rf3 g6 17. Rh3 Qg7 18. g4 $16 {1-0 Short,
P-Hon Kah Seng,C/Luzern olm ,BIG 1982 (20)}) 14. Ne4 $14 (14. Ne2 Rac8 15. Ng3
Qh6 16. f4 c5 17. Qb3 Bd5 18. Qd1 cxd4 19. exd4 a6 $17 {0-1 Pinzon Solis,
F-Liebstein,A/Mar del Plata zt 1951 (56)})) (11... Qc7 12. O-O (12. a3 Be7 (
12... Bd6 13. Nxd6 Qxd6 14. O-O e5 15. Ne4 Nxe4 16. Bxe4 f5 17. dxe5 Qxe5 18.
Bf3 Be6 19. Rfd1 Rad8 $11 {1-0 Dambrauskas,V-Timar,Z/Fabulon-Hungaroil l 1991
(42)}) 13. e4 h6 14. O-O Bd7 15. b4 Rfd8 16. f4 b6 17. Ne3 a5 18. e5 Ne8 19.
Rab1 axb4 20. axb4 Bc8 $132 {1-0 Pikler,R-Szigeti,M/Budapest HU ch(8) 1931 (30)
}) 12... Rd8 (12... Bxc3 13. Qxc3 Bd7 14. Rac1 Nd5 15. Qd2 f5 16. f3 (16. Ne5
$16) 16... Rf6 17. e4 $16 {1-0 Kertesz,A-Schubert,D/Dortmund op 1987 (29)}) (
12... Kh8 13. h3 h6 14. Rac1 Nd7 15. Ne4 e5 16. dxe5 Nxe5 17. Nxe5 Qxe5 18. f4
Qh5 19. Rf3 Be7 20. Ng3 Qd5 $132 {1-0 Gunnarsson,L-Prast,H/SWE-ch Vaxjo ,EXT
1992 (33)}) 13. Ne4 Nxe4 14. Bxe4 g6 15. Rac1 Bf8 16. Ne5 Bd7 17. a3 Be8 18. b4
Qe7 19. g3 f6 (19... a5 $11) 20. Nd3 Bf7 $11 {1/2-1/2 Razuvaev,Y-Panchenko,A/
Sochi 1982 (47)}) 12. bxc3 Qc7 (12... Qg5 13. O-O b6 14. f4 Qh6 15. Rf3 g6 16.
Raf1 Ba6 17. Rh3 Qg7 18. Ne5 Bxd3 19. Qxd3 Rac8 20. e4 Rc7 21. Nf3 Rd8 22. f5
exf5 23. exf5 Rd6 24. fxg6 fxg6 25. Ng5 $14 {1-0 Albertsen,M-Dreesen,J/
Landes-Einzelmeister 1988 (52)}) 13. e4 $14 {[%csl Rh7][%cal Ge4e5]} (13. Ne5
c5 14. Rc1 b6 15. g4 Bb7 16. Rg1 g6 17. Rg3 cxd4 18. cxd4 Qxc2 19. Rxc2 Rac8
20. g5 Rxc2 21. Bxc2 Nd5 22. Kd2 Nb4 23. Nd7 Rc8 24. Nf6+ Kg7 25. Bb3 h6 26. h4
h5 27. Rg1 $132 {1/2-1/2 Panterre,P-Gaffar,A/Novi Sad olm AND-BAR 1990 (38)}) (
13. h3 c5 14. O-O b5 15. Ne5 c4 16. Be2 Bb7 17. Bf3 Bxf3 18. Nxf3 a5 19. Rab1
Rfb8 20. Rfc1 h6 21. Rb2 Ra6 22. Rcb1 Rab6 $132 {1/2-1/2 Szeberenyi,A-Pal,F/
Hajduboszormeny-A (2/08) 1995/Inf 02 (31)}) 13... b5 $6 {[%csl Rb5][%cal Ga2a4]
Waste attenuation Die unnütze Abschwächung} (13... h6 14. e5 Nd5 15. O-O c5 16.
Rfc1 $14) 14. Nd2 (14. Nd6 $6 Qxd6 15. e5 Qe7 16. exf6 Qxf6 17. Bxh7+ Kh8 18.
Be4 e5 19. Qe2 g6 (19... Re8 20. Qh5+ Kg8 21. Qh7+ Kf8 22. O-O exd4 23. Rfe1 g5
(23... g6 24. Bxc6 $18) 24. cxd4 Bb7 $132) 20. Qf3 Qxf3 21. gxf3 Bb7 22. dxe5
Rfe8 23. f4 g5 24. fxg5 Rxe5 25. f3 Rxg5 26. Kf2 $11) 14... h6 15. e5 Nd5 $6
$16 (15... Nd7 $142 16. O-O (16. Ne4 c5 17. Nd6 Ba6 18. O-O cxd4 19. cxd4 Qxc2
20. Bxc2 Nb6 21. Bd3 $14) 16... c5 17. Ne4 $14) 16. Ne4 f6 17. exf6 Nxf6 18.
Nxf6+ Rxf6 19. O-O {[%csl Rc6,Re6,Rg8]} c5 (19... e5 20. Rae1 exd4 21. Re8+ Kf7
22. Rfe1 Qd6 23. Bh7 $1 $18) 20. Qe2 {[%csl Ra8,Rb5,Rh7][%cal Ge2e4]} a6 (20...
Rb8 21. Bxb5 cxd4 22. cxd4 Qb6 23. Rac1 a6 (23... Qxd4 24. Rfd1 Qb6 25. Rc6
Qxb5 26. Rxc8+ Kh7 (26... Kf7 27. Rc7+ Kg8 28. Qg4 g5 29. Qd4 Qd5 (29... Qe2
30. Rf1 (30. f3 Rf7 (30... Rb2 31. Qd8+ Rf8 32. Qxf8+ Kxf8 33. Rd8#) (30...
Rbf8 31. Rxa7 $16) 31. Rxf7 Kxf7 32. Qxa7+ Kg6 33. Qd7 (33. Rf1 Rb2 34. Qf2
Rxa2 $11) 33... Rb2 34. Qd3+ Qxd3 35. Rxd3 Rxa2 $11) 30... Rbf8 31. Qxa7 $16)
30. Qa4 $1 $16)) 24. Bd3 Qxd4 25. Rfd1 $16) 21. a4 $1 (21. Qe4 Bb7 22. Qh7+ Kf7
23. Be2 {[%cal Ge2h5]} (23. a4 bxa4 $132) 23... Rg8 $132 (23... Rf5 $132))
21... bxa4 $4 $18 {Creates new weaknesses in black camp. To defend them
becomes impossible Schafft neu der Schwäche im Lager schwarz. Sie zu schützen
wird es unmöglich} (21... b4 $1 22. Rfc1 $1 (22. cxb4 cxd4 (22... cxb4 23. Qe4
Bb7 24. Qh7+ Kf7 25. Rac1 Qf4 26. Rc4 Bd5 $1 (26... b3 27. d5 Qd6 28. dxe6+
Rxe6 29. Rg4 $16) 27. Rxb4 a5 28. Rb2 Rc8 $1 (28... Qxd4 29. Rc2 Qb6 (29... Qa7
30. Be2 Rf5 31. Bg4 Rg5 32. h3 Qd4 33. Rc7+ Kf6 34. Qc2 (34. Rd1 Qxa4) 34...
Rb8 35. Rd1 Qe5 (35... Qe4 36. Qxe4 Bxe4 37. Rdd7 $16) 36. Rc5 (36. Qc5 Kg6)
36... Qe4 (36... Qb2) 37. f4 Qe3+ 38. Qf2 (38. Kh2 Qxf4+ 39. g3 Qe4 $15) (38.
Kh1 Bxg2+ $19) 38... Qxf2+ 39. Kxf2 Rb2+ 40. Ke3 Rb3+ 41. Kd2 Rg6 42. Rdc1 (42.
Rxa5 h5 43. Kc2 Rb6 44. Rdxd5 exd5 45. Bf3 Rb4 $11) 42... h5 43. Rxd5 hxg4 $11)
30. Be2 Rf5 $8 31. Bg4 Rg5 32. h3 Qd4 33. Rc7+ $11 {Like in previous variation}
)) 23. Rfc1 $16) 22... cxd4 (22... bxc3 23. Rxc3 $16) (22... a5 23. cxb4 $18) (
22... b3 23. Rab1 Rb8 24. Bc4 (24. Bxa6 Bxa6 25. Qxa6 Qf4 26. Qe2 cxd4 27. cxd4
Qxd4 $11) 24... cxd4 25. cxd4 Qc6 26. Qe5 Rb4 27. Bd3 $16) 23. cxb4 $16) 22.
Rxa4 cxd4 (22... Bb7 23. Rc4 $18 {[%csl Rc5]}) 23. Rc4 $1 Qe7 (23... Qf7 24.
cxd4 Bb7 25. Rfc1 $18) 24. Qe4 Bb7 (24... Rb8 25. Qe5 $1 {[%csl Rb8][%cal
Gc4c7]} (25. Qh7+ Kf7 26. Rxd4 e5 (26... Rb2 27. Rg4 (27. Qh8 $2 Qe8 (27... e5
28. Bh7 Qe8 29. Qxe8+ Kxe8 $132) 28. Qxe8+ Kxe8 $132) 27... Qf8 $8 28. Bg6+ Ke7
29. Bh5 $18 {[%csl Rg7]}) 27. Re1 Qc5 28. Bc4+ Be6 29. Bxe6+ Rxe6 (29... Kxe6
30. Qxg7 $16) 30. Rd7+ Re7 31. Rd3 $16) 25... Qa7 26. Rc7 Qb6 27. cxd4 $18 {
[%cal Gf1c1]}) 25. Qh7+ Kf7 26. Rxd4 Rg8 (26... Rd8 27. Rg4 {[%csl Rg6,Rg7]}
Rg8 28. Rb1 $18) 27. Rd1 $1 Bc8 (27... Bd5 28. Be2 (28. Bxa6 $18) 28... Rf5 (
28... Qd6 29. c4 Qe5 30. cxd5 Qxe2 31. dxe6+ $18) (28... Qc5 29. Bh5+ Kf8 30.
c4 Bc6 31. Bf3 (31. Rd8+ $4 Ke7 $1 {[%csl Rf2,Rg2]}) 31... Rxf3 32. gxf3 Qg5+
33. Rg4 Qf6 34. Qd3 $18) 29. Bg4 $18) 28. Bxa6 $1 e5 (28... Qc5 29. Bxc8 Rxc8
30. Rd7+ Ke8 31. Kh1 $1 $18 {[%csl Re8,Rg7][%cal Gh7g8]}) (28... Bxa6 29. Rd7
$18) 29. Bc4+ 1-0

[Event "Bundesliga 0102"]
[Site "Germany"]
[Date "2001.11.25"]
[Round "4.2"]
[White "Gurevich, Mikhail"]
[Black "Jussupow, Artur"]
[Result "1/2-1/2"]
[WhiteElo "2633"]
[BlackElo "2633"]
[Annotator "Tsesarsky,I"]
[PlyCount "104"]
[EventDate "2001.10.06"]
[EventType "team-tourn"]
[EventRounds "15"]
[EventCountry "GER"]
[SourceTitle "CBM 087"]
[Source "ChessBase"]
[SourceDate "2002.03.21"]
[SourceVersion "1"]
[SourceVersionDate "2002.03.21"]
[SourceQuality "1"]
[WhiteTeam "Godesberg"]
[BlackTeam "Solingen"]
[WhiteTeamCountry "GER"]
[BlackTeamCountry "GER"]

1. c4 e6 2. Nf3 d5 3. d4 Nf6 4. Nc3 Nbd7 5. Bg5 c6 6. e3 Qa5 7. cxd5 Nxd5 8.
Qd2 Bb4 9. Rc1 c5 $6 $14 {Artur decided to play c5 without h7-h6. Maybe in
some variations Bg5 will be attacked by Qa5? This factor is not important. In
this variation White keeps slight advantage.} ({Another mainline is} 9... h6
$142 $1 {-can be recommended.} 10. Bh4 c5 (10... O-O 11. Bd3 Re8 12. a3 {
-see commented game 1-0 Vaisser,A-Anic,D/Vichy 2000/CBM 79 [Tsesarsky,I](61)})
11. a3 (11. Bd3 cxd4 12. exd4 O-O 13. O-O b6 14. a3 {-see detailed commented
game 1-0 Georgiev,K-Rabiega,R/Ohrid 2001/CBM 84_01 [Tsesarsky,I](95)}) 11...
Bxc3 12. bxc3 b6 13. Bd3 Ba6 {-see detailed commented game 0-1 San Segundo
Carrillo,P-Dorfman,J/Mondariz 2000/CBM 79 [Tsesarsky,I](27)} (13... Bb7 14. O-O
O-O 15. Ne5 {-see commented game 0-1 Gligoric,S-Blagojevic,D/Herceg Novi YUG
2001/CBM [Tsesarsky,I] (49)} (15. e4 N5f6 16. Qe2 cxd4 17. cxd4 Rfc8 18. Qe3 {
1/2-1/2 Zontakh,A-Blagojevic,D/Herceg Novi YUG 2001/The Week in Chess 344 (18).
}))) 10. a3 {The best. White forces Bb4 on Nc3 exchange.} (10. Bd3 cxd4 11.
exd4 h6 (11... O-O 12. O-O b6 (12... h6 13. Bxh6 gxh6 14. Qxh6 N5f6 15. Ng5 $18
) 13. a3 Bxc3 14. bxc3 Qxa3 15. c4 N5f6 16. c5 $1 $14 {1-0 Ikonnikov,
V-Lacrosse,M/Massy 1993/EXT 97 (27)}) (11... b6 12. O-O Bb7 (12... Bxc3 13.
bxc3 h6 14. Bh4 Bb7 15. Rfe1 Rc8 16. Be4 Rc4 (16... Ba6 17. c4 Rxc4 18. Qxa5
bxa5 19. Bxd5 Rxc1 20. Rxc1 exd5 21. Rc7 $16) 17. Qb2 Ba6 18. Bxd5 Qxd5 19. Nd2
Ra4 20. c4 Qh5 21. Bg3 O-O $132 {1/2-1/2 Schenk,U-Wach,M/Passau 1998/EXT 99 
(68)}) 13. a3 (13. Qe2 $6 {1/2-1/2 Farrell,N-Parker,J/SCO 1994/EXT 98 (58)})
13... Bxc3 14. bxc3 h6 15. Bh4 Rc8 $132) 12. Bh4 O-O 13. O-O b6 (13... Bd6 14.
Bb1 Re8 15. Rfe1 Bf4 16. Qd3 Nf8 17. Rcd1 Bd7 $11 {1/2-1/2 Jorgensen,M-Hansen,
H/Copenhagen DEN 2001/The Week in Chess 350 (21)}) 14. Bb1 Ba6 (14... Bb7 15.
Qd3 g6 16. Nxd5 Qxd5 17. a3 Bd6 18. Rfe1 Rfc8 $11 {0-1 Brostrom,G-Beyen,R/
Lugano 1968/MCD (73)}) 15. Qc2 f5 16. Nxd5 Qxd5 17. Rfd1 Bd6 18. Qd2 $132 {
0-1 Barshev,K-Botvinnik,M/Leningrad 1926/EXT 2000 (32). (32)}) (10. e4 Nxc3 (
10... N5f6 11. Bxf6 (11. Bd3 cxd4 12. Nxd4 O-O 13. O-O h6 (13... Nc5 $2 14.
Bxf6 gxf6 15. a3 $16 {1-0 Stahlberg,G-Monticelli,M/Warsaw 1935/EXT 2000 (22)})
14. Bh4 Qh5 $11) 11... Nxf6 12. Bb5+ (12. Bd3 cxd4 13. Nxd4 O-O 14. a3 Be7 15.
b4 Qh5 $11 {1-0 Mikenas,V-Yates,F/Prague 1931/EXT 2000 (34)}) 12... Bd7 13.
Bxd7+ Nxd7 14. a3 Bxc3 15. Rxc3 Qa4 (15... O-O 16. dxc5 $16 {0-1 Diedam,
N-Naiditsch,E/Senden 1999/EXT 2000 (63)}) 16. O-O cxd4 17. Nxd4 Nf6 18. Re1 $14
) 11. bxc3 Ba3 12. Rb1 O-O (12... cxd4 13. cxd4 Qxd2+ 14. Nxd2 $14) 13. Bd3 a6
14. O-O b5 15. d5 Nb6 16. Be7 Re8 17. d6 c4 18. Bc2 Nd7 $132 {1-0 Euwe,
M-Michell,R/Hastings 1934/HCL (26)}) (10. Be2 N7b6 (10... cxd4 11. exd4 h6 $132
) 11. O-O Na4 {[%csl Rc3][%cal Ga4c3,Gd5c3,Ga5c3]} (11... f6 12. Bh4 Na4 $132)
12. Bb5+ Qxb5 (12... Bd7 13. Bxd7+ Kxd7 14. dxc5 $16 {[%csl Rd7]}) 13. Nxb5
Bxd2 14. Nxd2 Bd7 15. Nd6+ Kf8 16. e4 (16. Nxb7 $2 cxd4 (16... Rb8 $2 17. Nxc5
$16 {1-0 Cabral,J-Betancourt,L/Pan American-ch 1997/EXT 99 (55)})) 16... Nb4
17. b3 $16) 10... Bxc3 11. bxc3 b6 ({In next game White left with slight
advantage:} 11... Qxa3 12. e4 N5f6 13. Bd3 Qa5 14. O-O cxd4 15. cxd4 Qxd2 16.
Bxd2 O-O 17. Rfe1 Rd8 18. Bb4 Nb6 (18... a5 19. Be7 Re8 20. Ba3 $44) 19. Be7
Re8 20. Rc7 Nfd5 21. exd5 Nxd5 22. Bd6 Nxc7 23. Bxc7 $14 {1/2-1/2 Pedersen,
S-Pelletier,Y/Panormo GRE 2001/The Week in Chess 360 (98)}) 12. Bd3 Bb7 13. O-O
N5f6 14. Qe2 O-O 15. e4 cxd4 16. cxd4 Rfc8 17. e5 Bxf3 18. Qxf3 Nd5 19. Be4 Nf8
20. Qd3 {Only this move is novelty. I can't understand, why Artur plays this
variation gives clear advantage to White?} ({Not bad also} 20. h4 $142 $1 h6
21. Be7 Ng6 22. Bb4 Qb5 23. g3 Nf8 24. Bd6 Nd7 25. Bd3 Qa4 26. Qe4 Nf8 27. h5
$16 {[%csl Gd3,Gd6,Rf8] 1-0 Lautier,J-Almasi,Z/Austria 1999/EXT 2000 (38)})
20... Rab8 21. Bd2 (21. h4 $14) 21... Qa4 22. f4 $6 $132 (22. h4 Rxc1 23. Rxc1
Rd8 24. Bg5 $14) 22... Rxc1 23. Rxc1 Rd8 24. Qc4 $2 $17 {White sacrifices P
and recieves bad position.} (24. f5 $2 exf5 25. Bxf5 Ne7 26. Bb4 Nxf5 27. Qxf5
Ne6 28. Qf2 Qb3 $17) ({Why not} 24. Bxd5 Rxd5 25. Bb4 {[%csl Rf8][%cal Gc1c8]
with sufficient compensation for PP chain defects.} Rd8 26. f5 exf5 27. Rf1 (
27. d5 Qe8 28. Bxf8 Kxf8 29. Qxf5 Rxd5 30. Qxh7 Qxe5 $15) 27... Qd7 28. Bd6 g6
(28... f6 29. Rxf5 Ne6 30. Rf1 fxe5 31. dxe5 $14) 29. Rc1 Rc8 $44) 24... Qxa3
25. Qe2 Ne7 26. Qf2 Qb2 {[%csl Rd4][%cal Gb2d4]} 27. Be3 Qxf2+ 28. Kxf2 f5 (
28... a5 29. Rc7 Rd7 $17) 29. exf6 gxf6 30. g4 (30. Rc7 Rd7 $17) 30... f5 31.
gxf5 Nxf5 $2 $15 ({Much better was} 31... exf5 $1 32. Bd3 (32. Rc7 Rd7 33. Rxd7
Nxd7 34. Bd3 Nf6 $17) 32... Kg7 $1 (32... Ne6 $2 {[%csl Rd4][%cal Gd8d3]} 33.
Bc4 $1 {[%csl Re6][%cal Gc4g8]} (33. Ra1 a5 34. Rb1 Rd6 $17) 33... Kf7 (33...
Nd5 34. Ra1 a5 35. Rb1 Kg7 (35... Rd6 36. Bxd5 Rxd5 37. Rxb6 Kf7 38. Rb7+ Kg6
39. Rb6 $11) 36. Bxd5 Rxd5 37. Rxb6 Nxd4 38. Bxd4+ Rxd4 39. Rb5 Rxf4+ 40. Ke3
Re4+ 41. Kf3 a4 42. Rxf5 Rh4 $44) 34. Ra1 a5 35. Rb1 Rd6 36. Rb5 $44 {[%csl
Rb6][%cal Gd4d5,Ge3b6]}) 33. Ra1 a5 34. Bc4 Nd5 (34... Rc8 $17) 35. Rb1 Nxe3
36. Kxe3 Rd6 $17) 32. Rg1+ Kf7 (32... Ng6 33. d5 Nxe3 34. Kxe3 exd5 35. Bxg6
hxg6 36. Rxg6+ Kf7 37. Rh6 Kg7 38. Re6 Rd7 39. h4 $15) 33. d5 Nxe3 34. dxe6+
Nxe6 35. Kxe3 Nc5 $6 $44 (35... h6 $6 $11 36. Bg6+ (36. Rg6 Re8 $19 {[%csl Re4]
[%cal Ge8e3]}) 36... Ke7 37. Bb1 Rf8 38. f5 Nc5 39. Rg6 Rf6 40. Rg7+ Rf7 41.
Rg6 $44) ({Worth of attention} 35... Re8 $5 36. Kf3 (36. Bb1 a5 $17) 36... b5
37. Bxh7 Nd4+ 38. Kf2 (38. Kg4 a5 39. h4 a4 40. h5 Kf6 41. Bg6 Rd8 42. Ra1 Ne2
$17) 38... Re2+ 39. Kg3 Re7 $15) 36. Bxh7 Rh8 37. Bg6+ Kf6 38. Bb1 Rxh2 39.
Rg6+ Kf7 40. Rc6 {[%csl Ra7][%cal Gc6c7]} Rh3+ (40... Rb2 41. Bg6+ Kg7 42. f5
a5 43. Bh5 $44) 41. Kd4 Ke7 42. Kd5 ({Avoiding simple trap:} 42. Rc7+ $2 Kd6
43. Rxa7 Nb3+ $19 {[%csl Rb1][%cal Gb3d2,Gd2b1]}) 42... Rh1 43. Bc2 Rh5+ 44. f5
Rh2 45. f6+ Kf7 46. Bf5 Rh5 47. Ke5 Nd7+ 48. Kf4 Nxf6 49. Rc7+ Kf8 50. Rxa7
Nd5+ 51. Ke4 Ne7 52. Bd7 Kf7 1/2-1/2